| 000 | 00350nam a2200133Ia 4500 | ||
|---|---|---|---|
| 008 | 210430s9999 xx 000 0 und d | ||
| 020 | _a9690-0-10203-621 | ||
| 082 | _a620.116 K1811 T | ||
| 100 |
_aDr. Fazal Karim _954152 |
||
| 245 |
_aTesting of Metals _cDr. Fazal Karim |
||
| 260 |
_aLahore _bFerozsons _c1995 |
||
| 300 | _a357p | ||
| 942 |
_cBK _2ddc |
||
| 999 |
_c564628 _d564628 |
||